<A> Practical guide to internet filters <a> Neal-Schuman special report
Gespeichert in:
| 1. Verfasser: | |
|---|---|
| Format: | Buch |
| Sprache: | Englisch |
| Veröffentlicht: |
New York
Neal-Schuman Publishers
1997
|
| Schriftenreihe: | Neal-Schuman NetGuide Series
|
| Schlagworte: | |
| Tags: |
Keine Tags, Fügen Sie das erste Tag hinzu!
|
MARC
| LEADER | 00000nam a2200000 4500 | ||
|---|---|---|---|
| 001 | c116075 | ||
| 005 | 20221124074852.1 | ||
| 020 | |a 1-55570-322-4 | ||
| 041 | 0 | |a eng | |
| 044 | |a US | ||
| 245 | 1 | 0 | |a <A> Practical guide to internet filters |b <a> Neal-Schuman special report |c Karen G. Schneider |
| 264 | 1 | |a New York |b Neal-Schuman Publishers |c 1997 | |
| 300 | |a 164 s. | ||
| 490 | 1 | |a Neal-Schuman NetGuide Series | |
| 830 | 0 | |a Neal-Schuman NetGuide Series | |
| 610 | 2 | 0 | |a siete počítačové |
| 610 | 2 | 0 | |a počítače |
| 610 | 2 | 0 | |a softvér |
| 610 | 2 | 0 | |a poradenstvo |
| 610 | 2 | 0 | |a využitie počítačov |
| 610 | 2 | 0 | |a prenos dát |
| 610 | 2 | 0 | |a informácie |
| 610 | 2 | 0 | |a internet |
| 100 | 1 | |a Schneider, Karen G. | |